[Event "Osijek-ch op"]
[Site "Osijek"]
[Date "2011.02.26"]
[Round "5"]
[White "Vinkovic, Tomislav"]
[Black "Daic, Kristijan"]
[Result "1-0"]
[WhiteElo "1941"]
[BlackElo "1669"]
[PlyCount "53"]
[EventDate "2011.02.24"]
[EventType "swiss"]
[EventRounds "7"]
[EventCountry "CRO"]
[SourceTitle "EXT 2012"]
[Source "ChessBase"]
[SourceDate "2011.11.24"]
[SourceVersion "1"]
[SourceVersionDate "2011.11.24"]
[SourceQuality "1"]

1. d4 Nf6 2. c4 e5 3. dxe5 Ng4 4. Nf3 Bc5 5. e3 Nc6 6. Nc3 Ngxe5 7. Be2 0-0 8. 0-0 d6 9. a3 a5 10. b3 Be6 11. Bb2 Qd7 12. Qc2 f5 13. Rfd1 Qf7 14. Ng5 Qf6 15. Nxe6 Qxe6 16. Nd5 Rf7 17. Bh5 g6 18. Be2 Rc8 19. Qc3 g5 20. b4 Ba7 21. c5 Ne7 22. Bc4 Nxd5 23. Bxd5 Qh6 24. cxd6 Ng6 25. Bxf7+ Kxf7 26. Qf6+ Kg8 27. Qe6+ 1-0